000 00393nam a2200145Ia 4500
008 090124s9999 xx 000 0 und d
082 _b206124
245 _a एक पेड की याद
250 _a1
260 _bजोशी शेखर
_c2003
300 _a111
630 _a एक पेड की याद
730 _a एक पेड की याद
942 _cBOOK
999 _c187708
_d187708